Undercover in Bandipore/ (Record no. 177234)

MARC details
000 -LEADER
fixed length control field 00528nam a22001817a 4500
005 - DATE AND TIME OF LATEST TRANSACTION
control field 20210215170020.0
010 ## - LCCN (DPL NO)
LC control number ENG-128978
020 ## - INTERNATIONAL STANDARD BOOK NUMBER
Terms of availability 395.00
International Standard Book Number 978-93-86473-97-4
035 ## - SYSTEM CONTROL NUMBER
System control number EN-112510
037 ## - SOURCE OF ACQUISITION
Source of stock number/acquisition DBAD/PUB
082 ## - DEWEY DECIMAL CLASSIFICATION NUMBER
Classification number N
100 ## - MAIN ENTRY--PERSONAL NAME
Personal name Kaul, Ashok
245 ## - TITLE STATEMENT
Title Undercover in Bandipore/
Statement of responsibility, etc Ashok Kaul
260 ## - PUBLICATION, DISTRIBUTION, ETC. (IMPRINT)
Place of publication, distribution, etc New Delhi
Name of publisher, distributor, etc Vitasta Publishing Pvt. Ltd.
Date of publication, distribution, etc 2020
270 ## - ADDRESS
City New Delhi
Address 2/15, Ansari Roaad, Daryaganj
Postal code 110002
Electronic mail address info@vitastapublishing.com
300 ## - PHYSICAL DESCRIPTION
Extent 351p.
Dimensions 20cm(pbk)
942 ## - ADDED ENTRY ELEMENTS (KOHA)
Source of classification or shelving scheme Dewey Decimal Classification
Item type English Books
Classification part N
Call number suffix KAU
Holdings
Withdrawn status Lost status Not for loan Collection code Home library Current library Date acquired Source of acquisition Cost, normal purchase price Full call number Barcode Copy number Cost, replacement price Koha item type
      Fiction Ashok Vihar Ashok Vihar 15/02/2021 DBAD/PUB 395.00 N KAU EN-112510 1 350.00 English Books

© Delhi Public Library
Hit Counter
free hit counter